| 000 | 00788cab a2200229 4500 | ||
|---|---|---|---|
| 001 | ABS52348 | ||
| 008 | 090401t1995 xxu||||| |||| 00| 0 eng d | ||
| 035 | _a(Sirsi) u74145 | ||
| 041 | _aeng | ||
| 100 | _aCrouch, M. | ||
| 245 | _aWider review needed to get plans back on track | ||
| 260 | _c1995 | ||
| 350 | _a0 | ||
| 490 |
_aPlanning (for the Natural and Built Environment) _v(1106) 17 February 1995, 24-25(2) |
||
| 520 | _aBabergh DC has submitted a list of recommendations to the Planning Minister for reviewing existing procedures for drawing up local plans in order to reduce time and costs. | ||
| 650 | _aLOCAL DEVELOPMENT PLANS | ||
| 650 | _aPLANNING PROCEDURE | ||
| 650 | _aSTREAMLINING | ||
| 690 | _aPLANNING LAW AND PRACTICE | ||
| 942 | _n0 | ||
| 948 | _c04/03/1997 | ||
| 999 |
_c46805 _d46805 |
||